ثبوت النبوات عقلا ونقلا والمعجزات والكرامات / (رقم التسجيلة. 3330)

تفاصيل مارك
000 -الفاتح
عناصر البيانات ثابتة الطول 00940cam a2200205 i 4500
005 - تاريخ ووقت آخر معاملة
حقل ضبط 20251204082616.0
008 - عناصر البيانات ثابتة الطول
عناصر البيانات ثابتة الطول 250721r2006 ua gr 000 0 ara d
082 14 - رقم تصنيف ديوي العشري
رقم التصنيف 214.3
رقم المادة ت ي م
100 1# - مدخل رئيسي – اسم شخصي
الاسم الشخصي ابن تيمية، تقي الدين أبو العباس أحمد بن عبد الحليم بن عبد
علاقة الشخص بالعمل/ دوره مؤلف.
245 10 - بيان العنوان
العنوان ثبوت النبوات عقلا ونقلا والمعجزات والكرامات /
بيان المسؤولية شيخ الاسلام تقي الدين أبو العباس أحمد بن عبد الحليم بن عبد بن تيمية ؛ تحقيق د. محمد يسرى سلامة.
250 ## - بيان الطبعة
بيان الطبعة الطبعة الاولى.
264 31 - بيانات النشر، التوزيع…إلخ
مكان النشر، التوزيع...إلخ القاهرة :
اسم الناشر، الموزع...إلخ دار ابن الجوزي،
تاريخ النشر، التوزيع...إلخ 2006.
300 ## - الوصف المادي
عدد الوحدات المكونة للوعاء 704 صفحة.
650 17 - مدخل إضافي بالموضوع - مصطلح موضوعي
مصطلح موضوعي أو اسم جغرافي كعنصر مدخل النبوه.
650 17 - مدخل إضافي بالموضوع - مصطلح موضوعي
مصطلح موضوعي أو اسم جغرافي كعنصر مدخل العقيده الدينيه.
650 17 - مدخل إضافي بالموضوع - مصطلح موضوعي
مصطلح موضوعي أو اسم جغرافي كعنصر مدخل الاسلام.
700 1# - مدخل إضافي - اسم شخصي
الاسم الشخصي سلامة، محمد يسري
علاقة الشخص بالعمل/ دوره محقق.
942 ## - بيانات إضافية (كوها)
نوع التنصيف Dewey Decimal Classification
نوع المادة (كوها) كتب
المقتنيات
حالة السحب حالة الفقدان مصدر التصنيف حالة التلف غير قابل للإعارة المكتبة الرئيسية المكتبة الحالية موقع الرف تاريخ التزويد الرقم المتسلسل Total Checkouts رقم الإستدعاء الباركود تاريخ آخر ظهور تاريخ الفاتورة نوع المادة (كوها)
    Dewey Decimal Classification     المكتبة المركزية المكتبة المركزية الإعارة 28/07/2025 1264656   214.3 / ت ي م PLD00075800 28/07/2025 28/07/2025 كتب
    Dewey Decimal Classification     المكتبة المركزية المكتبة المركزية مقتنيات قسم التزويد 28/07/2025 1264657   214.3/تيم   28/07/2025 28/07/2025 كتب
    Dewey Decimal Classification     المكتبة المركزية المكتبة المركزية مقتنيات قسم التزويد 28/07/2025 1264658   214.3/تيم   28/07/2025 28/07/2025 كتب
    Dewey Decimal Classification     مكتبة أم قصير والمقابلين العامة مكتبة أم قصير والمقابلين العامة الإعارة 05/03/2009 1264660   214.3/تيم PLD00076051 28/07/2025 05/03/2009 كتب
Implemented & Customized by: BBB with SCIT (Smart Chains for Information Technology)

Powered by Koha